000 00450pab a2200169 454500
008 180718b2011 xxu||||| |||| 00| 0 eng d
100 _aManecksha, Freny
245 _aPushing the poor to the periphery in Mumbai
260 _c2011
300 _ap.26-28
362 _a17 dec
650 _aSlums - India - Maharashtra:Poverty - India - Maharashtra
650 _aSlums
773 _aEconomic and Political Weekly
908 _aN
909 _a94267
999 _c94267
_d94267